000 01213nam a2200253Ia 4500
999 _c52888
_d52888
001 19918
003 GE_BSU
005 20200508190314.0
008 181216s1981||||ge |||||||||||||| ||geo||
040 _cGE_BSU
041 _ageo
080 _a81'374(038) = 353.1'28 ბ-54
100 _aბეროზაშვილი, თ.
_97681
245 _aქართლური დიალექტის ლექსიკონი :
_b(მასალები) /
_cთ. ბეროზაშვილი, მ. მესხიშვილი, ლ. ნოზაძე ; წინასიტყვ. ავტ. მ. ჭაბაშვილი.
264 _aთბილისი :
_bმეცნიერება,
_c1981.
300 _a552 გვ. ;
_c22 სმ.
541 _h8ლ.
653 _a(მასალები)
653 _aქართლური დიალექტის ლექსიკონი
700 _aმესხიშვილი, მ.
_eავტორი
_92919
700 _a ნოზაძე, ლ.
_eავტორი
_98020
700 _aჭაბაშვილი, მ.
_eწინასიტყვაობის ავტორი
_98021
942 _cBK
_2udc